00577nam a2200217 a 450000100060000000300090000600800410001502000150005604000280007108200180009910000260011724500200014326000310016330000110019449000190020559000470022465000280027165000310029994200120033099900170034220056CO-ViMGA141112s2004 ck r 000 u spa d a9580455880 aCO-ViMGAbspacCO-ViMGA aCo863.6 R377n1 aRestrepo, Laura9421310aLa novia oscura aBogotá : bNorma, c1999 a465 p. aLa otra orilla aForma de adquisición : Premio Mincultura14aNOVELA COLOMBIANA9119314aPROSTITUTAS - NOVELA94214 2ddccBK c11579d11579